00490nam a2200169Ia 450000500170000000800410001702000180005804100080007608200190008410000130010324500720011626000400018830000090022850000290023765000280026670000260029420251118154341.0230125s9999 xx 000 0 und d a9789380032108 aeng a158.1bBAR/BAR aBarnes M aStand and Deliver : A Master Class in Making Powerful Presentations c2009bWestland PublicationsaMumbai a178p aPersonality Development, aPersonality Development aBarnes M & Barnes M J